| 000 | 02495cam a22003857i 4500 | ||
|---|---|---|---|
| 001 | 19435758 | ||
| 003 | NUST | ||
| 005 | 20230413080930.0 | ||
| 008 | 170110t20172017xx a 001 0 eng d | ||
| 010 | _a 2017930696 | ||
| 020 | _a0128042761 | ||
| 020 | _a9780128042762 | ||
| 035 | _a(OCoLC)ocn960895687 | ||
| 040 |
_aYDX _beng _cYDX _erda _dOCLCQ _dBTCTA _dBDX _dYDX _dNKM _dGSU _dDLC |
||
| 042 | _alccopycat | ||
| 050 | 0 | 0 |
_aHT165.5 _b.U727 2017 |
| 082 | 0 | 4 |
_a307.1216 _223 _bMAR |
| 245 | 0 | 0 |
_aUrban planning for disaster recovery / _cedited by Alan March, The University of Melbourne, Australia, Maria Kornakova, The University of Melbourne, Australia, Massey University, New Zealand. |
| 264 | 1 |
_aOxford : _bButterworth-Heinemann, An imprint of Elsevier, _c[2017] |
|
| 264 | 4 | _c©2017 | |
| 300 |
_axv, 257 pages : _billustrations ; _c24 cm |
||
| 336 |
_atext _btxt _2rdacontent |
||
| 337 |
_aunmediated _bn _2rdamedia |
||
| 338 |
_avolume _bnc _2rdacarrier |
||
| 504 | _aIncludes bibliographical references and index. | ||
| 505 | 0 | _aIntegration and collective actions: studies of urban planning and recovery after disasters -- Urban planning and recovery governance -- Equity in recovery -- When systems break down: the role of international aid and humanitarian response in disaster recovery -- Rebuilding or repositioning: lessons for Sandy, New Orleans, and elsewhere -- Finance, insurance, and facilitation of recovery: should the role and responsibility assigned to government be to assert control over long-term planning? -- From recovery to prevention: the Swiss avalanche program -- Reconstruction of informality: can formal reconstruction re-create informality? -- Reconstructing vulnerability after the 2013 European floods: oil damage and recovery -- The opportunity for improved regulations after the 2009 Victorian wildfires in Australia -- Toward sustainable disaster recovery by seeing it as "more than a roof overhead" -- Resilient housing reconstruction in the developing world -- Ten years of great love: the evolution of housing reconstruction in Banda Aceh, Indonesia -- Community-driven change -- Planning for recovery: ideas and problematics. | |
| 650 | 0 | _aCity planning. | |
| 650 | 0 | _aEmergency management. | |
| 700 | 1 |
_aMarch, Alan. _9111837 |
|
| 700 | 1 |
_aKornakova, Maria. _9111838 |
|
| 906 |
_a7 _bcbc _ccopycat _d2 _encip _f20 _gy-gencatlg |
||
| 942 |
_2ddc _cBK |
||
| 999 |
_c594480 _d594480 |
||